000
00208 a2200097 4500
020
_a
9781933693101
041
_a
spa
100
_a
Garza, Xavier
245
_a
Lucha Libre: The man in the silver mask
942
_c
BK
999
_c
7966
_d
7966